Journal of the Society of Dyers and Colourists.

Bibliographic Details
New Title:Coloration technology
Corporate Author: Society of Dyers and Colourists
Format: Journal
Language:English
Published: [Bradford, Yorkshire] : [Society of Dyers and Colourists]
Subjects:
Online Availability: Check for online availability

MARC

Tag First Indicator Second Indicator Subfields
LEADER 00000cas a2200000 4500
001 in00000050538
005 20151007071906.0
008 751101d18852000enkmx p 0 a0eng
010 |a  08033212  
022 |a 0037-9859 
030 |a JSDCAA 
035 |a (OCoLC)01765919 
035 |9 AAE6832AM 
040 |a DLC  |c MUL  |d COO  |d NYG  |d DLC  |d OCL  |d SER  |d RCS  |d AIP  |d NST  |d CLU  |d NST  |d TXA  |d UtOrBLW 
042 |a lc 
049 |a TXAE 
050 0 0 |a TP890  |b .S6 
110 2 |a Society of Dyers and Colourists. 
210 0 |a J. Soc. Dyers Colour. 
222 0 |a Journal of the Society of Dyers and Colourists 
245 1 0 |a Journal of the Society of Dyers and Colourists. 
246 1 4 |a Society of Dyers and Colorists journal,  |f Jan./Feb. 1995-Dec. 2000 
264 1 |a [Bradford, Yorkshire] :  |b [Society of Dyers and Colourists] 
300 |a 116 volumes :  |b illustrations, portraits, mounted color samples, diagrams ;  |c 28 cm. 
310 |a 10 issues per year  |b 1983- 
321 |a Monthly  |b -1982 
336 |a text  |b txt  |2 rdacontent 
337 |a unmediated  |b n  |2 rdamedia 
338 |a volume  |b nc  |2 rdacarrier 
362 0 |a v. 1-116, no. 12; Nov. 1884-Dec. 2000. 
500 |a For all interested in the use or manufacture of colours, and in calico printing, bleaching, etc. 
510 2 |a World textile abstracts  |x 0043-9118 
510 2 |a Selected water resources abstracts  |x 0037-136X 
510 2 |a Energy information abstracts  |x 0147-6521 
510 2 |a Environment abstracts  |x 0093-3287 
510 2 |a Excerpta medica 
510 2 |a World surface coatings abstracts  |x 0043-9088 
510 2 |a Art and archaeology technical abstracts  |x 0004-2994 
510 2 |a Chemical abstracts  |x 0009-2258 
510 0 |a Biography index  |x 0006-3053 
650 0 |a Dyes and dyeing  |v Periodicals. 
785 0 0 |t Coloration technology  |x 1472-3581  |w (OCoLC)46615814 
949 |a updated  |b h  |c 2001/5/31  |e coplinge  |f 1:33:53 pm 
999 |a MARS 
999 f f |s d45fb009-a18a-3e69-882e-95d8517fd1a8  |i de5a751d-217a-3127-8fde-6d9518b42f5c  |t 0 
952 f f |p ric  |a Texas A&M University  |b Rellis Campus  |c Joint Library Facility  |d Remote Storage  |t 0  |e TP890 .S6  |h Library of Congress classification  |i unmediated -- volume  |k v.14-15  |l 1898-1899  |m A14838004718 
952 f f |p ric  |a Texas A&M University  |b Rellis Campus  |c Joint Library Facility  |d Remote Storage  |t 0  |e TP890 .S6  |h Library of Congress classification  |i unmediated -- volume  |k v.18  |l 1902  |m A14838004734 
952 f f |p ric  |a Texas A&M University  |b Rellis Campus  |c Joint Library Facility  |d Remote Storage  |t 0  |e TP890 .S6  |h Library of Congress classification  |i unmediated -- volume  |k v.48/50  |l 1932-1934  |m A14838004954 
952 f f |p ric  |a Texas A&M University  |b Rellis Campus  |c Joint Library Facility  |d Remote Storage  |t 0  |e TP890 .S6  |h Library of Congress classification  |i unmediated -- volume  |k v.87:no.7-12  |l 1971:July-Dec.  |m A14838005316 
952 f f |p ric  |a Texas A&M University  |b Rellis Campus  |c Joint Library Facility  |d Remote Storage  |t 0  |e TP890 .S6  |h Library of Congress classification  |i unmediated -- volume  |k v.55  |l 1939  |m A14838004988 
952 f f |p ric  |a Texas A&M University  |b Rellis Campus  |c Joint Library Facility  |d Remote Storage  |t 0  |e TP890 .S6  |h Library of Congress classification  |i unmediated -- volume  |k v.32  |l 1916  |m A14838004831 
952 f f |p ric  |a Texas A&M University  |b Rellis Campus  |c Joint Library Facility  |d Remote Storage  |t 0  |e TP890 .S6  |h Library of Congress classification  |i unmediated -- volume  |k v.65  |l 1949  |m A14838005081 
952 f f |p ric  |a Texas A&M University  |b Rellis Campus  |c Joint Library Facility  |d Remote Storage  |t 0  |e TP890 .S6  |h Library of Congress classification  |i unmediated -- volume  |k v.94:no.1-6  |l 1978:Jan.-June  |m A14838005471 
952 f f |p ric  |a Texas A&M University  |b Rellis Campus  |c Joint Library Facility  |d Remote Storage  |t 0  |e TP890 .S6  |h Library of Congress classification  |i unmediated -- volume  |k v.114  |l 1998  |m A14824960512 
952 f f |p ric  |a Texas A&M University  |b Rellis Campus  |c Joint Library Facility  |d Remote Storage  |t 0  |e TP890 .S6  |h Library of Congress classification  |i unmediated -- volume  |k v.94:no.7-12  |l 1978:July-Dec.  |m A14838005489 
952 f f |p ric  |a Texas A&M University  |b Rellis Campus  |c Joint Library Facility  |d Remote Storage  |t 0  |e TP890 .S6  |h Library of Congress classification  |i unmediated -- volume  |k v.93:no.1-6  |l 1977:Jan.-June  |m A14838005421 
952 f f |p ric  |a Texas A&M University  |b Rellis Campus  |c Joint Library Facility  |d Remote Storage  |t 0  |e TP890 .S6  |h Library of Congress classification  |i unmediated -- volume  |k v.84  |l 1968  |m A14838005269 
952 f f |p ric  |a Texas A&M University  |b Rellis Campus  |c Joint Library Facility  |d Remote Storage  |t 0  |e TP890 .S6  |h Library of Congress classification  |i unmediated -- volume  |k v.34  |l 1918  |m A14838004857 
952 f f |p ric  |a Texas A&M University  |b Rellis Campus  |c Joint Library Facility  |d Remote Storage  |t 0  |e TP890 .S6  |h Library of Congress classification  |i unmediated -- volume  |k v.101  |l 1985  |m A14838005594 
952 f f |p ric  |a Texas A&M University  |b Rellis Campus  |c Joint Library Facility  |d Remote Storage  |t 0  |e TP890 .S6  |h Library of Congress classification  |i unmediated -- volume  |k v.98  |l 1982  |m A14838005560 
952 f f |p ric  |a Texas A&M University  |b Rellis Campus  |c Joint Library Facility  |d Remote Storage  |t 0  |e TP890 .S6  |h Library of Congress classification  |i unmediated -- volume  |k v.21  |l 1905  |m A14838004768 
952 f f |p ric  |a Texas A&M University  |b Rellis Campus  |c Joint Library Facility  |d Remote Storage  |t 0  |e TP890 .S6  |h Library of Congress classification  |i unmediated -- volume  |k v.86:no.1-6  |l 1970:Jan.-June  |m A14838005285 
952 f f |p ric  |a Texas A&M University  |b Rellis Campus  |c Joint Library Facility  |d Remote Storage  |t 0  |e TP890 .S6  |h Library of Congress classification  |i unmediated -- volume  |k v.72  |l 1956  |m A14838005154 
952 f f |p ric  |a Texas A&M University  |b Rellis Campus  |c Joint Library Facility  |d Remote Storage  |t 0  |e TP890 .S6  |h Library of Congress classification  |i unmediated -- volume  |k v.109  |l 1993  |m A14818421770 
952 f f |p ric  |a Texas A&M University  |b Rellis Campus  |c Joint Library Facility  |d Remote Storage  |t 0  |e TP890 .S6  |h Library of Congress classification  |i unmediated -- volume  |k v.80  |l 1964  |m A14838005227 
952 f f |p ric  |a Texas A&M University  |b Rellis Campus  |c Joint Library Facility  |d Remote Storage  |t 0  |e TP890 .S6  |h Library of Congress classification  |i unmediated -- volume  |k index:v.95  |l 1979  |m A14838005510 
952 f f |p ric  |a Texas A&M University  |b Rellis Campus  |c Joint Library Facility  |d Remote Storage  |t 0  |e TP890 .S6  |h Library of Congress classification  |i unmediated -- volume  |k v.60  |l 1944  |m A14838005031 
952 f f |p ric  |a Texas A&M University  |b Rellis Campus  |c Joint Library Facility  |d Remote Storage  |t 0  |e TP890 .S6  |h Library of Congress classification  |i unmediated -- volume  |k v.75  |l 1959  |m A14838005188 
952 f f |p ric  |a Texas A&M University  |b Rellis Campus  |c Joint Library Facility  |d Remote Storage  |t 0  |e TP890 .S6  |h Library of Congress classification  |i unmediated -- volume  |k v.109:Index  |l 1993  |m A14824964621 
952 f f |p ric  |a Texas A&M University  |b Rellis Campus  |c Joint Library Facility  |d Remote Storage  |t 0  |e TP890 .S6  |h Library of Congress classification  |i unmediated -- volume  |k v.90:no.1-6  |l 1974:Jan.-June  |m A14838005366 
952 f f |p ric  |a Texas A&M University  |b Rellis Campus  |c Joint Library Facility  |d Remote Storage  |t 0  |e TP890 .S6  |h Library of Congress classification  |i unmediated -- volume  |k v.85  |l 1969  |m A14838005277 
952 f f |p ric  |a Texas A&M University  |b Rellis Campus  |c Joint Library Facility  |d Remote Storage  |t 0  |e TP890 .S6  |h Library of Congress classification  |i unmediated -- volume  |k v.74  |l 1958  |m A14838005170 
952 f f |p ric  |a Texas A&M University  |b Rellis Campus  |c Joint Library Facility  |d Remote Storage  |t 0  |e TP890 .S6  |h Library of Congress classification  |i unmediated -- volume  |k v.24/25  |l 1908/1909  |m A14838004792 
952 f f |p ric  |a Texas A&M University  |b Rellis Campus  |c Joint Library Facility  |d Remote Storage  |t 0  |e TP890 .S6  |h Library of Congress classification  |i unmediated -- volume  |k v.106  |l 1990  |m A14814653668 
952 f f |p ric  |a Texas A&M University  |b Rellis Campus  |c Joint Library Facility  |d Remote Storage  |t 0  |e TP890 .S6  |h Library of Congress classification  |i unmediated -- volume  |k v.10-11  |l 1894-1895  |m A14838004695 
952 f f |p ric  |a Texas A&M University  |b Rellis Campus  |c Joint Library Facility  |d Remote Storage  |t 0  |e TP890 .S6  |h Library of Congress classification  |i unmediated -- volume  |k v.89:no.1-6  |l 1973:Jan.-June  |m A14838005340 
952 f f |p ric  |a Texas A&M University  |b Rellis Campus  |c Joint Library Facility  |d Remote Storage  |t 0  |e TP890 .S6  |h Library of Congress classification  |i unmediated -- volume  |k v.30/31  |l 1914/1915  |m A14832593638 
952 f f |p ric  |a Texas A&M University  |b Rellis Campus  |c Joint Library Facility  |d Remote Storage  |t 0  |e TP890 .S6  |h Library of Congress classification  |i unmediated -- volume  |k v.111  |l 1995  |m A14819992790 
952 f f |p ric  |a Texas A&M University  |b Rellis Campus  |c Joint Library Facility  |d Remote Storage  |t 0  |e TP890 .S6  |h Library of Congress classification  |i unmediated -- volume  |k v.93:no.12  |l 1977:Dec.  |m A14838005447 
952 f f |p ric  |a Texas A&M University  |b Rellis Campus  |c Joint Library Facility  |d Remote Storage  |t 0  |e TP890 .S6  |h Library of Congress classification  |i unmediated -- volume  |k v.88:no.7-12  |l 1972:July-Dec.  |m A14838005332 
952 f f |p ric  |a Texas A&M University  |b Rellis Campus  |c Joint Library Facility  |d Remote Storage  |t 0  |e TP890 .S6  |h Library of Congress classification  |i unmediated -- volume  |k v.16-17  |l 1900-1901  |m A14838004726 
952 f f |p ric  |a Texas A&M University  |b Rellis Campus  |c Joint Library Facility  |d Remote Storage  |t 0  |e TP890 .S6  |h Library of Congress classification  |i unmediated -- volume  |k v.96  |l 1980  |m A14838005528 
952 f f |p ric  |a Texas A&M University  |b Rellis Campus  |c Joint Library Facility  |d Remote Storage  |t 0  |e TP890 .S6  |h Library of Congress classification  |i unmediated -- volume  |k v.79  |l 1963  |m A14829494841 
952 f f |p ric  |a Texas A&M University  |b Rellis Campus  |c Joint Library Facility  |d Remote Storage  |t 0  |e TP890 .S6  |h Library of Congress classification  |i unmediated -- volume  |k v.92:no.7-12  |l 1976:7-12  |m A14838005413 
952 f f |p ric  |a Texas A&M University  |b Rellis Campus  |c Joint Library Facility  |d Remote Storage  |t 0  |e TP890 .S6  |h Library of Congress classification  |i unmediated -- volume  |k v.108  |l 1992  |m A14825280729 
952 f f |p ric  |a Texas A&M University  |b Rellis Campus  |c Joint Library Facility  |d Remote Storage  |t 0  |e TP890 .S6  |h Library of Congress classification  |i unmediated -- volume  |k v.22  |l 1906  |m A14838004776 
952 f f |p ric  |a Texas A&M University  |b Rellis Campus  |c Joint Library Facility  |d Remote Storage  |t 0  |e TP890 .S6  |h Library of Congress classification  |i unmediated -- volume  |k v.91:no.7-12  |l 1975:July-Dec.  |m A14838005390 
952 f f |p ric  |a Texas A&M University  |b Rellis Campus  |c Joint Library Facility  |d Remote Storage  |t 0  |e TP890 .S6  |h Library of Congress classification  |i unmediated -- volume  |k v.45/47  |l 1929/1931  |m A14838004946 
952 f f |p ric  |a Texas A&M University  |b Rellis Campus  |c Joint Library Facility  |d Remote Storage  |t 0  |e TP890 .S6  |h Library of Congress classification  |i unmediated -- volume  |k v.71  |l 1955  |m A14838005146 
952 f f |p ric  |a Texas A&M University  |b Rellis Campus  |c Joint Library Facility  |d Remote Storage  |t 0  |e TP890 .S6  |h Library of Congress classification  |i unmediated -- volume  |k v.113:Index  |l 1997  |m A14824964184 
952 f f |p ric  |a Texas A&M University  |b Rellis Campus  |c Joint Library Facility  |d Remote Storage  |t 0  |e TP890 .S6  |h Library of Congress classification  |i unmediated -- volume  |k v.113  |l 1997  |m A14823756601 
952 f f |p ric  |a Texas A&M University  |b Rellis Campus  |c Joint Library Facility  |d Remote Storage  |t 0  |e TP890 .S6  |h Library of Congress classification  |i unmediated -- volume  |k v.105  |l 1989  |m A14812064766 
952 f f |p ric  |a Texas A&M University  |b Rellis Campus  |c Joint Library Facility  |d Remote Storage  |t 0  |e TP890 .S6  |h Library of Congress classification  |i unmediated -- volume  |k v.59  |l 1943  |m A14838005023 
952 f f |p ric  |a Texas A&M University  |b Rellis Campus  |c Joint Library Facility  |d Remote Storage  |t 0  |e TP890 .S6  |h Library of Congress classification  |i unmediated -- volume  |k v.100  |l 1984  |m A14838005586 
952 f f |p ric  |a Texas A&M University  |b Rellis Campus  |c Joint Library Facility  |d Remote Storage  |t 0  |e TP890 .S6  |h Library of Congress classification  |i unmediated -- volume  |k v.77  |l 1961  |m A14838005201 
952 f f |p ric  |a Texas A&M University  |b Rellis Campus  |c Joint Library Facility  |d Remote Storage  |t 0  |e TP890 .S6  |h Library of Congress classification  |i unmediated -- volume  |k v.19  |l 1903  |m A14838004742 
952 f f |p ric  |a Texas A&M University  |b Rellis Campus  |c Joint Library Facility  |d Remote Storage  |t 0  |e TP890 .S6  |h Library of Congress classification  |i unmediated -- volume  |k v.83:no.7-12  |l 1967:July-Dec.  |m A14838005251 
952 f f |p ric  |a Texas A&M University  |b Rellis Campus  |c Joint Library Facility  |d Remote Storage  |t 0  |e TP890 .S6  |h Library of Congress classification  |i unmediated -- volume  |k v.88:no.7,9-12  |l 1972:July,Sept.-Dec.  |m A14835694645 
952 f f |p ric  |a Texas A&M University  |b Rellis Campus  |c Joint Library Facility  |d Remote Storage  |t 0  |e TP890 .S6  |h Library of Congress classification  |i unmediated -- volume  |k v.107  |l 1991  |m A14815584197 
952 f f |p ric  |a Texas A&M University  |b Rellis Campus  |c Joint Library Facility  |d Remote Storage  |t 0  |e TP890 .S6  |h Library of Congress classification  |i unmediated -- volume  |k v.73  |l 1957  |m A14838005162 
952 f f |p ric  |a Texas A&M University  |b Rellis Campus  |c Joint Library Facility  |d Remote Storage  |t 0  |e TP890 .S6  |h Library of Congress classification  |i unmediated -- volume  |k v.97  |l 1981  |m A14838005544 
952 f f |p ric  |a Texas A&M University  |b Rellis Campus  |c Joint Library Facility  |d Remote Storage  |t 0  |e TP890 .S6  |h Library of Congress classification  |i unmediated -- volume  |k v.90:no.7-12  |l 1974:July-Dec.  |m A14838005374 
952 f f |p ric  |a Texas A&M University  |b Rellis Campus  |c Joint Library Facility  |d Remote Storage  |t 0  |e TP890 .S6  |h Library of Congress classification  |i unmediated -- volume  |k v.86:no.7-12  |l 1970:July-Dec.  |m A14838005293 
952 f f |p ric  |a Texas A&M University  |b Rellis Campus  |c Joint Library Facility  |d Remote Storage  |t 0  |e TP890 .S6  |h Library of Congress classification  |i unmediated -- volume  |k v.23  |l 1907  |m A14838004784 
952 f f |p ric  |a Texas A&M University  |b Rellis Campus  |c Joint Library Facility  |d Remote Storage  |t 0  |e TP890 .S6  |h Library of Congress classification  |i unmediated -- volume  |k v.93:no.7-12  |l 1977:July-Dec.  |m A14838005439 
952 f f |p ric  |a Texas A&M University  |b Rellis Campus  |c Joint Library Facility  |d Remote Storage  |t 0  |e TP890 .S6  |h Library of Congress classification  |i unmediated -- volume  |k v.103  |l 1987  |m A14829426238 
952 f f |p ric  |a Texas A&M University  |b Rellis Campus  |c Joint Library Facility  |d Remote Storage  |t 0  |e TP890 .S6  |h Library of Congress classification  |i unmediated -- volume  |k v.38  |l 1922  |m A14838004899 
952 f f |p ric  |a Texas A&M University  |b Rellis Campus  |c Joint Library Facility  |d Remote Storage  |t 0  |e TP890 .S6  |h Library of Congress classification  |i unmediated -- volume  |k v.53/54  |l 1937/1938  |m A14838004970 
952 f f |p ric  |a Texas A&M University  |b Rellis Campus  |c Joint Library Facility  |d Remote Storage  |t 0  |e TP890 .S6  |h Library of Congress classification  |i unmediated -- volume  |k v.115  |l 1999  |m A14826425403 
952 f f |p ric  |a Texas A&M University  |b Rellis Campus  |c Joint Library Facility  |d Remote Storage  |t 0  |e TP890 .S6  |h Library of Congress classification  |i unmediated -- volume  |k index:v.93  |l 1977  |m A14838005463 
952 f f |p ric  |a Texas A&M University  |b Rellis Campus  |c Joint Library Facility  |d Remote Storage  |t 0  |e TP890 .S6  |h Library of Congress classification  |i unmediated -- volume  |k v.69  |l 1953  |m A14838005120 
952 f f |p ric  |a Texas A&M University  |b Rellis Campus  |c Joint Library Facility  |d Remote Storage  |t 0  |e TP890 .S6  |h Library of Congress classification  |i unmediated -- volume  |k v.51/52  |l 1935/1936  |m A14838004962 
952 f f |p ric  |a Texas A&M University  |b Rellis Campus  |c Joint Library Facility  |d Remote Storage  |t 0  |e TP890 .S6  |h Library of Congress classification  |i unmediated -- volume  |k v.41  |l 1925  |m A14838004920 
952 f f |p ric  |a Texas A&M University  |b Rellis Campus  |c Joint Library Facility  |d Remote Storage  |t 0  |e TP890 .S6  |h Library of Congress classification  |i unmediated -- volume  |k v.116  |l 2000  |m A14827359231 
952 f f |p ric  |a Texas A&M University  |b Rellis Campus  |c Joint Library Facility  |d Remote Storage  |t 0  |e TP890 .S6  |h Library of Congress classification  |i unmediated -- volume  |k v.28-29  |l 1912-1913  |m A14838004815 
952 f f |p ric  |a Texas A&M University  |b Rellis Campus  |c Joint Library Facility  |d Remote Storage  |t 0  |e TP890 .S6  |h Library of Congress classification  |i unmediated -- volume  |k v.99  |l 1983  |m A14838005578 
952 f f |p ric  |a Texas A&M University  |b Rellis Campus  |c Joint Library Facility  |d Remote Storage  |t 0  |e TP890 .S6  |h Library of Congress classification  |i unmediated -- volume  |k v.8-9  |l 1892-1893  |m A14838004687 
952 f f |p ric  |a Texas A&M University  |b Rellis Campus  |c Joint Library Facility  |d Remote Storage  |t 0  |e TP890 .S6  |h Library of Congress classification  |i unmediated -- volume  |k v.92:no.1-6  |l 1976:Jan.-June  |m A14838005405 
952 f f |p ric  |a Texas A&M University  |b Rellis Campus  |c Joint Library Facility  |d Remote Storage  |t 0  |e TP890 .S6  |h Library of Congress classification  |i unmediated -- volume  |k v.57  |l 1941  |m A14838005007 
952 f f |p ric  |a Texas A&M University  |b Rellis Campus  |c Joint Library Facility  |d Remote Storage  |t 0  |e TP890 .S6  |h Library of Congress classification  |i unmediated -- volume  |k v.112:Index  |l 1996  |m A14824964134 
952 f f |p ric  |a Texas A&M University  |b Rellis Campus  |c Joint Library Facility  |d Remote Storage  |t 0  |e TP890 .S6  |h Library of Congress classification  |i unmediated -- volume  |k v.78  |l 1962  |m A14838005219 
952 f f |p ric  |a Texas A&M University  |b Rellis Campus  |c Joint Library Facility  |d Remote Storage  |t 0  |e TP890 .S6  |h Library of Congress classification  |i unmediated -- volume  |k v.61  |l 1945  |m A14838005049 
952 f f |p ric  |a Texas A&M University  |b Rellis Campus  |c Joint Library Facility  |d Remote Storage  |t 0  |e TP890 .S6  |h Library of Congress classification  |i unmediated -- volume  |k v.89:no.7-12  |l 1973:July-Dec.  |m A14838005358 
952 f f |p ric  |a Texas A&M University  |b Rellis Campus  |c Joint Library Facility  |d Remote Storage  |t 0  |e TP890 .S6  |h Library of Congress classification  |i unmediated -- volume  |k v.95:no.7-12  |l 1979:July-Dec.  |m A14838005502 
952 f f |p ric  |a Texas A&M University  |b Rellis Campus  |c Joint Library Facility  |d Remote Storage  |t 0  |e TP890 .S6  |h Library of Congress classification  |i unmediated -- volume  |k v.33  |l 1917  |m A14838004849 
952 f f |p ric  |a Texas A&M University  |b Rellis Campus  |c Joint Library Facility  |d Remote Storage  |t 0  |e TP890 .S6  |h Library of Congress classification  |i unmediated -- volume  |k v.66  |l 1950  |m A14838005099 
952 f f |p ric  |a Texas A&M University  |b Rellis Campus  |c Joint Library Facility  |d Remote Storage  |t 0  |e TP890 .S6  |h Library of Congress classification  |i unmediated -- volume  |k v.112  |l 1996  |m A14821428773 
952 f f |p ric  |a Texas A&M University  |b Rellis Campus  |c Joint Library Facility  |d Remote Storage  |t 0  |e TP890 .S6  |h Library of Congress classification  |i unmediated -- volume  |k v.58  |l 1942  |m A14838005015 
952 f f |p ric  |a Texas A&M University  |b Rellis Campus  |c Joint Library Facility  |d Remote Storage  |t 0  |e TP890 .S6  |h Library of Congress classification  |i unmediated -- volume  |k v.26/27  |l 1910/1911  |m A14838004807 
952 f f |p ric  |a Texas A&M University  |b Rellis Campus  |c Joint Library Facility  |d Remote Storage  |t 0  |e TP890 .S6  |h Library of Congress classification  |i unmediated -- volume  |k v.110  |l 1994  |m A14819182573 
952 f f |p ric  |a Texas A&M University  |b Rellis Campus  |c Joint Library Facility  |d Remote Storage  |t 0  |e TP890 .S6  |h Library of Congress classification  |i unmediated -- volume  |k v.36  |l 1920  |m A14838004873 
952 f f |p ric  |a Texas A&M University  |b Rellis Campus  |c Joint Library Facility  |d Remote Storage  |t 0  |e TP890 .S6  |h Library of Congress classification  |i unmediated -- volume  |k v.64  |l 1948  |m A14838005073 
952 f f |p ric  |a Texas A&M University  |b Rellis Campus  |c Joint Library Facility  |d Remote Storage  |t 0  |e TP890 .S6  |h Library of Congress classification  |i unmediated -- volume  |k v.102  |l 1986  |m A14838005609 
952 f f |p ric  |a Texas A&M University  |b Rellis Campus  |c Joint Library Facility  |d Remote Storage  |t 0  |e TP890 .S6  |h Library of Congress classification  |i unmediated -- volume  |k v.95:no.1-6  |l 1979:Jan.-June  |m A14838005497 
952 f f |p ric  |a Texas A&M University  |b Rellis Campus  |c Joint Library Facility  |d Remote Storage  |t 0  |e TP890 .S6  |h Library of Congress classification  |i unmediated -- volume  |k v.12-13  |l 1896-1897  |m A14838004700 
952 f f |p ric  |a Texas A&M University  |b Rellis Campus  |c Joint Library Facility  |d Remote Storage  |t 0  |e TP890 .S6  |h Library of Congress classification  |i unmediated -- volume  |k v.37  |l 1921  |m A14838004881 
952 f f |p ric  |a Texas A&M University  |b Rellis Campus  |c Joint Library Facility  |d Remote Storage  |t 0  |e TP890 .S6  |h Library of Congress classification  |i unmediated -- volume  |k index:v.96  |l 1980  |m A14838005536 
952 f f |p ric  |a Texas A&M University  |b Rellis Campus  |c Joint Library Facility  |d Remote Storage  |t 0  |e TP890 .S6  |h Library of Congress classification  |i unmediated -- volume  |k v.63  |l 1947  |m A14838005065 
952 f f |p ric  |a Texas A&M University  |b Rellis Campus  |c Joint Library Facility  |d Remote Storage  |t 0  |e TP890 .S6  |h Library of Congress classification  |i unmediated -- volume  |k index:v.94  |l 1978  |m A14838005455 
952 f f |p ric  |a Texas A&M University  |b Rellis Campus  |c Joint Library Facility  |d Remote Storage  |t 0  |e TP890 .S6  |h Library of Congress classification  |i unmediated -- volume  |k index:v.97  |l 1981  |m A14838005552 
952 f f |p ric  |a Texas A&M University  |b Rellis Campus  |c Joint Library Facility  |d Remote Storage  |t 0  |e TP890 .S6  |h Library of Congress classification  |i unmediated -- volume  |k v.40  |l 1924  |m A14838004912 
952 f f |p ric  |a Texas A&M University  |b Rellis Campus  |c Joint Library Facility  |d Remote Storage  |t 0  |e TP890 .S6  |h Library of Congress classification  |i unmediated -- volume  |k v.56  |l 1940  |m A14838004996 
952 f f |p ric  |a Texas A&M University  |b Rellis Campus  |c Joint Library Facility  |d Remote Storage  |t 0  |e TP890 .S6  |h Library of Congress classification  |i unmediated -- volume  |k v.88:no.1-6  |l 1972:Jan.-June  |m A14838005324 
952 f f |p ric  |a Texas A&M University  |b Rellis Campus  |c Joint Library Facility  |d Remote Storage  |t 0  |e TP890 .S6  |h Library of Congress classification  |i unmediated -- volume  |k v.62  |l 1946  |m A14838005057 
952 f f |p ric  |a Texas A&M University  |b Rellis Campus  |c Joint Library Facility  |d Remote Storage  |t 0  |e TP890 .S6  |h Library of Congress classification  |i unmediated -- volume  |k v.110:Index  |l 1994  |m A14824965083 
952 f f |p ric  |a Texas A&M University  |b Rellis Campus  |c Joint Library Facility  |d Remote Storage  |t 0  |e TP890 .S6  |h Library of Congress classification  |i unmediated -- volume  |k v.42/44  |l 1926/1928  |m A14838004938 
952 f f |p ric  |a Texas A&M University  |b Rellis Campus  |c Joint Library Facility  |d Remote Storage  |t 0  |e TP890 .S6  |h Library of Congress classification  |i unmediated -- volume  |k v.67  |l 1951  |m A14838005104 
952 f f |p ric  |a Texas A&M University  |b Rellis Campus  |c Joint Library Facility  |d Remote Storage  |t 0  |e TP890 .S6  |h Library of Congress classification  |i unmediated -- volume  |k v.39  |l 1923  |m A14838004904 
952 f f |p ric  |a Texas A&M University  |b Rellis Campus  |c Joint Library Facility  |d Remote Storage  |t 0  |e TP890 .S6  |h Library of Congress classification  |i unmediated -- volume  |k v.104  |l 1988  |m A14811823581 
952 f f |p ric  |a Texas A&M University  |b Rellis Campus  |c Joint Library Facility  |d Remote Storage  |t 0  |e TP890 .S6  |h Library of Congress classification  |i unmediated -- volume  |k v.68  |l 1952  |m A14838005112 
952 f f |p ric  |a Texas A&M University  |b Rellis Campus  |c Joint Library Facility  |d Remote Storage  |t 0  |e TP890 .S6  |h Library of Congress classification  |i unmediated -- volume  |k v.108  |l 1992  |m A14817009664 
952 f f |p ric  |a Texas A&M University  |b Rellis Campus  |c Joint Library Facility  |d Remote Storage  |t 0  |e TP890 .S6  |h Library of Congress classification  |i unmediated -- volume  |k v.82  |l 1966  |m A14813836881 
952 f f |p ric  |a Texas A&M University  |b Rellis Campus  |c Joint Library Facility  |d Remote Storage  |t 0  |e TP890 .S6  |h Library of Congress classification  |i unmediated -- volume  |k v.83:no.1-6  |l 1967:Jan.-June  |m A14838005243 
952 f f |p ric  |a Texas A&M University  |b Rellis Campus  |c Joint Library Facility  |d Remote Storage  |t 0  |e TP890 .S6  |h Library of Congress classification  |i unmediated -- volume  |k v.20  |l 1904  |m A14838004750 
952 f f |p ric  |a Texas A&M University  |b Rellis Campus  |c Joint Library Facility  |d Remote Storage  |t 0  |e TP890 .S6  |h Library of Congress classification  |i unmediated -- volume  |k v.35  |l 1919  |m A14838004865 
952 f f |p ric  |a Texas A&M University  |b Rellis Campus  |c Joint Library Facility  |d Remote Storage  |t 0  |e TP890 .S6  |h Library of Congress classification  |i unmediated -- volume  |k v.91:no.1-6  |l 1975:Jan.-June  |m A14838005382 
952 f f |p ric  |a Texas A&M University  |b Rellis Campus  |c Joint Library Facility  |d Remote Storage  |t 0  |e TP890 .S6  |h Library of Congress classification  |i unmediated -- volume  |k v.70  |l 1954  |m A14838005138 
952 f f |p ric  |a Texas A&M University  |b Rellis Campus  |c Joint Library Facility  |d Remote Storage  |t 0  |e TP890 .S6  |h Library of Congress classification  |i unmediated -- volume  |k v.76  |l 1960  |m A14838005196 
952 f f |p ric  |a Texas A&M University  |b Rellis Campus  |c Joint Library Facility  |d Remote Storage  |t 0  |e TP890 .S6  |h Library of Congress classification  |i unmediated -- volume  |k v.87:no.1-6  |l 1971:Jan.-June  |m A14838005308 
952 f f |p ric  |a Texas A&M University  |b Rellis Campus  |c Joint Library Facility  |d Remote Storage  |t 0  |e TP890 .S6  |h Library of Congress classification  |i unmediated -- volume  |k v.81  |l 1965  |m A14838005235 
998 f f |a TP890 .S6  |s v.8-116 (1892-2000)  |t 0  |l Remote Storage